Libro de graduandos, 1,769 egresados (Record no. 8352)

MARC details
000 -LEADER
campo de control de longitud fija 00389nam a2200145Ia 4500
001 - NÚMERO DE CONTROL
campo de control 2130
008 - DATOS DE LONGITUD FIJA--INFORMACIÓN GENERAL
campo de control de longitud fija 241024s9999 xx 000 0 und d
082 ## - NÚMERO DE LA CLASIFICACIÓN DECIMAL DEWEY
Número de clasificación RD/378.7293/UN58l
100 ## - ENTRADA PRINCIPAL--NOMBRE DE PERSONA
Nombre de persona Universidad Autonoma de Santo Domingo (UASD)
245 #0 - MENCIÓN DEL TÍTULO
Título Libro de graduandos, 1,769 egresados
260 ## - PUBLICACIÓN, DISTRIBUCIÓN, ETC.
Nombre del editor, distribuidor, etc. Ed. Universitaria
Fecha de publicación, distribución, etc. 2011
590 ## - NOTA LOCAL (RLIN)
Nota local si
901 ## - ELEMENTOS DE DATOS A LOCAL LDA (RLIN)
a 1/3/2012 9:14:26 a.m.

No items available.

© 2024. Todos los Derechos Reservados. Desarrollado por IDEICE